Wear anions (Chinese)
| Main Author: | |
|---|---|
| Format: | Book |
| Published: |
[s.n] :
Qi Zhai Publishing House ,
2009
|
| Subjects: |
MARC
| LEADER | 00000cam a2200000 7i4500 | ||
|---|---|---|---|
| 001 | 0000072924 | ||
| 005 | 20170528.0 | ||
| 008 | 170521 | ||
| 020 | |a 9789867596215 | ||
| 020 | |a 9867596218 | ||
| 090 | 0 | 0 | |a 613 |b ZHE |
| 100 | 0 | |a Zhengxiu | |
| 245 | 1 | 0 | |a Wear anions (Chinese) |c Zhengxiu |
| 260 | |a [s.n] : |b Qi Zhai Publishing House , |c 2009 | ||
| 300 | |a 182 p. ; |c 21 cm. | ||
| 541 | 0 | 0 | |c Donation books |
| 650 | 0 | |a Health | |
| 999 | |a 0001459493 |b Book |c Chinese Collection |e Cawangan AEON Kulaijaya | ||